[Event "CZE-chT2B 2223"]
[Site "Czech Republic"]
[Date "2023.01.22"]
[Round "7.4"]
[White "Kotyk, Vaclav"]
[Black "Petr, Jakub"]
[Result "0-1"]
[WhiteElo "2125"]
[BlackElo "2201"]
[PlyCount "112"]
[EventDate "2022.10.16"]
[EventType "team-tourn"]
[EventRounds "11"]
[EventCountry "CZE"]
[SourceTitle "EXT 2024"]
[Source "ChessBase"]
[SourceDate "2023.10.10"]
[SourceVersion "1"]
[SourceVersionDate "2023.10.10"]
[SourceQuality "1"]
[WhiteTeam "Kladno"]
[BlackTeam "Bohemians"]
[WhiteTeamCountry "CZE"]
[BlackTeamCountry "CZE"]

1. d4 Nf6 2. c4 g6 3. Nc3 d5 4. Nf3 Bg7 5. e3 0-0 6. Bd2 Nc6 7. cxd5 Nxd5 8. Bb5 Nxc3 9. Bxc3 Qd5 10. Qe2 Bg4 11. 0-0 Bxf3 12. gxf3 e6 13. Rfc1 Rfc8 14. Bd3 Ne7 15. Be4 Qg5+ 16. Kh1 Nd5 17. f4 Qh4 18. Qf3 Rd8 19. Ba5 b6 20. Be1 c5 21. Rc2 cxd4 22. Rac1 a5 23. b4 axb4 24. f5 gxf5 25. Bxd5 exd5 26. exd4 Qe4 27. Qg2 Qxg2+ 28. Kxg2 Bxd4 29. Bxb4 Bc5 30. Bxc5 bxc5 31. Rxc5 Rxa2 32. Rd1 d4 33. Rxf5 d3 34. Rf3 d2 35. Kf1 Ra6 36. Ke2 Rad6 37. Ra3 Kg7 38. Ra2 Kf6 39. Raxd2 Rxd2+ 40. Rxd2 Rxd2+ 41. Kxd2 Kg5 42. Ke2 Kg4 43. Kf1 Kf3 44. Kg1 f5 45. Kf1 h6 46. Kg1 h5 47. Kf1 h4 48. Kg1 f4 49. Kf1 h3 50. Kg1 Ke2 51. Kh1 Kf1 52. f3 Ke1 53. Kg1 Ke2 54. Kh1 Kxf3 55. Kg1 Ke2 56. Kh1 f3 0-1

[Event "CZE-chT2B 2223"]
[Site "Czech Republic"]
[Date "2022.12.04"]
[Round "4.3"]
[White "Kotyk, Vaclav"]
[Black "Krejcik, Jiri"]
[Result "1-0"]
[WhiteElo "2125"]
[BlackElo "2044"]
[PlyCount "55"]
[EventDate "2022.10.16"]
[EventType "team-tourn"]
[EventRounds "11"]
[EventCountry "CZE"]
[SourceTitle "EXT 2024"]
[Source "ChessBase"]
[SourceDate "2023.10.10"]
[SourceVersion "1"]
[SourceVersionDate "2023.10.10"]
[SourceQuality "1"]
[WhiteTeam "Kladno"]
[BlackTeam "Karlovy Vary"]
[WhiteTeamCountry "CZE"]
[BlackTeamCountry "CZE"]

1. d4 Nf6 2. c4 g6 3. Nc3 Bg7 4. e4 d6 5. f4 0-0 6. Nf3 e5 7. dxe5 dxe5 8. Qxd8 Rxd8 9. fxe5 Ng4 10. Bg5 Re8 11. Nd5 Na6 12. c5 Be6 13. Bxa6 Bxd5 14. exd5 bxa6 15. 0-0 Nxe5 16. Rad1 Nxf3+ 17. Rxf3 h6 18. Bf4 Re7 19. Rb3 Rd8 20. c6 Be5 21. Bxh6 f6 22. Be3 Bd6 23. Bxa7 Re2 24. Bd4 Kf7 25. Re3 Rc2 26. Re6 Be5 27. Bxe5 fxe5 28. Rf1+ 1-0

[Event "CZE-chT2B 2223"]
[Site "Czech Republic"]
[Date "2022.11.06"]
[Round "2.4"]
[White "Pokrupa, Marek"]
[Black "Kotyk, Vaclav"]
[Result "0-1"]
[WhiteElo "2101"]
[BlackElo "2125"]
[PlyCount "66"]
[EventDate "2022.10.16"]
[EventType "team-tourn"]
[EventRounds "11"]
[EventCountry "CZE"]
[SourceTitle "EXT 2024"]
[Source "ChessBase"]
[SourceDate "2023.10.10"]
[SourceVersion "1"]
[SourceVersionDate "2023.10.10"]
[SourceQuality "1"]
[WhiteTeam "Kolesovice"]
[BlackTeam "Kladno"]
[WhiteTeamCountry "CZE"]
[BlackTeamCountry "CZE"]

1. c4 e5 2. Nc3 Bb4 3. e3 Bxc3 4. dxc3 Nf6 5. e4 d6 6. f3 h6 7. Be3 0-0 8. Qd2 Nc6 9. g4 Nh7 10. h4 a6 11. Ne2 b5 12. Ng3 bxc4 13. Nh5 g6 14. Ng3 Be6 15. Bxh6 Re8 16. 0-0-0 a5 17. Bg5 f6 18. Be3 a4 19. a3 Na5 20. Qh2 c6 21. g5 d5 22. h5 Bf7 23. hxg6 Bxg6 24. f4 exf4 25. Qh6 Kf7 26. Nf5 Rg8 27. Bxf4 fxg5 28. Be5 Nf6 29. Qxg5 Nxe4 30. Nh6+ Ke8 31. Qxd8+ Rxd8 32. Nxg8 Nb3+ 33. Kb1 Nxc3# 0-1

[Event "CZE-chT2B 1920"]
[Site "Czech Republic"]
[Date "2020.02.23"]
[Round "9.5"]
[White "Kotyk, Vaclav"]
[Black "Pribyl, Josef"]
[Result "0-1"]
[WhiteElo "2137"]
[BlackElo "2069"]
[PlyCount "82"]
[EventDate "2019.10.13"]
[EventType "team-tourn"]
[EventRounds "11"]
[EventCountry "CZE"]
[SourceTitle "EXT 2024"]
[Source "ChessBase"]
[SourceDate "2023.10.10"]
[SourceVersion "1"]
[SourceVersionDate "2023.10.10"]
[SourceQuality "1"]
[WhiteTeam "Kladno"]
[BlackTeam "Kolesovice Cesky Lev"]
[WhiteTeamCountry "CZE"]
[BlackTeamCountry "CZE"]

1. d4 Nf6 2. c4 g6 3. Nc3 d5 4. cxd5 Nxd5 5. Bd2 Nb6 6. e3 Bg7 7. f4 N8d7 8. Nf3 c5 9. d5 c4 10. e4 Nc5 11. Ne5 0-0 12. Be3 Ncd7 13. Nxc4 Nxc4 14. Bxc4 Bxc3+ 15. bxc3 Qc7 16. Qd4 Nf6 17. 0-0 Bd7 18. Bd3 Rfc8 19. c4 Ng4 20. h3 Nxe3 21. Qxe3 Qc5 22. Kf2 Qa3 23. Be2 Qa5 24. g4 Rc5 25. f5 Rac8 26. Kg2 b5 27. fxg6 hxg6 28. Qf2 Be8 29. cxb5 Rc2 30. a4 Qb4 31. Rae1 Qxe4+ 32. Qf3 Qxa4 33. Rf2 R8c3 34. Bd3 Rxf2+ 35. Kxf2 Qd4+ 36. Ke2 Bxb5 37. Rd1 Bxd3+ 38. Rxd3 Rxd3 39. Qxd3 Qxd3+ 40. Kxd3 g5 41. Kc4 Kg7 0-1

[Event "CZE-chT2B 1819"]
[Site "Czech Republic"]
[Date "2018.12.16"]
[Round "5.2"]
[White "Kotyk, Vaclav"]
[Black "Hons, Tomas"]
[Result "0-1"]
[WhiteElo "2172"]
[BlackElo "1928"]
[PlyCount "52"]
[EventDate "2018.10.14"]
[EventType "team-tourn"]
[EventRounds "11"]
[EventCountry "CZE"]
[SourceTitle "EXT 2022"]
[Source "ChessBase"]
[SourceDate "2021.10.06"]
[SourceVersion "1"]
[SourceVersionDate "2021.10.06"]
[SourceQuality "1"]
[WhiteTeam "Kladno"]
[BlackTeam "Louny Union"]
[WhiteTeamCountry "CZE"]
[BlackTeamCountry "CZE"]

1. d4 d5 2. c4 c6 3. Nf3 Nf6 4. Nc3 dxc4 5. a4 Bf5 6. Ne5 Nbd7 7. Nxc4 Qc7 8. g3 e5 9. dxe5 Nxe5 10. Bf4 Nfd7 11. Bg2 g5 12. Ne3 gxf4 13. Nxf5 fxg3 14. hxg3 0-0-0 15. Qc2 Kb8 16. 0-0 h5 17. Rfc1 Nf6 18. Ne4 Nfg4 19. Rd1 Re8 20. a5 h4 21. gxh4 Ng6 22. a6 Qh2+ 23. Kf1 Nf4 24. Bf3 Bb4 25. Nfg3 Nh3 26. e3 Nxe3+ 0-1

[Event "CZE-chT2B 1819"]
[Site "Czech Republic"]
[Date "2018.12.02"]
[Round "4.2"]
[White "Hrbolka, Ladislav Jr"]
[Black "Kotyk, Vaclav"]
[Result "1/2-1/2"]
[WhiteElo "2206"]
[BlackElo "2172"]
[PlyCount "52"]
[EventDate "2018.10.14"]
[EventType "team-tourn"]
[EventRounds "11"]
[EventCountry "CZE"]
[SourceTitle "EXT 2022"]
[Source "ChessBase"]
[SourceDate "2021.10.06"]
[SourceVersion "1"]
[SourceVersionDate "2021.10.06"]
[SourceQuality "1"]
[WhiteTeam "Most Chess"]
[BlackTeam "Kladno"]
[WhiteTeamCountry "CZE"]
[BlackTeamCountry "CZE"]

1. e4 c5 2. Nf3 d6 3. Bb5+ Nd7 4. c3 Ngf6 5. Qe2 a6 6. Ba4 b5 7. Bc2 e5 8. 0-0 Be7 9. d4 0-0 10. Rd1 Qc7 11. Bg5 Re8 12. dxe5 Nxe5 13. Nxe5 dxe5 14. Nd2 Bb7 15. Nf1 Rad8 16. Ng3 h6 17. Be3 Rxd1+ 18. Rxd1 Rd8 19. Rxd8+ Qxd8 20. f3 Bf8 21. Nf5 Bc8 22. Qf2 Bxf5 23. exf5 Qd5 24. Bb3 Qd3 25. Bc2 Qd5 26. Bb3 Qd3 1/2-1/2

[Event "CZE-chT2A 1718"]
[Site "Czech Republic"]
[Date "2017.11.05"]
[Round "2.2"]
[White "Docekal, Jan"]
[Black "Kotyk, Vaclav"]
[Result "0-1"]
[WhiteElo "2352"]
[BlackElo "2153"]
[PlyCount "58"]
[EventDate "2017.10.15"]
[EventType "team-tourn"]
[EventRounds "11"]
[EventCountry "CZE"]
[SourceTitle "EXT 2022"]
[Source "ChessBase"]
[SourceDate "2021.10.06"]
[SourceVersion "1"]
[SourceVersionDate "2021.10.06"]
[SourceQuality "1"]
[WhiteTeam "Vysehrad II"]
[BlackTeam "Kladno"]
[WhiteTeamCountry "CZE"]
[BlackTeamCountry "CZE"]

1. c4 g6 2. g3 Bg7 3. Bg2 f5 4. Nc3 Nf6 5. d3 0-0 6. Nh3 e5 7. f4 d6 8. c5 Nc6 9. Ng5 Qe7 10. 0-0 h6 11. Nf3 Be6 12. Nh4 Bf7 13. cxd6 cxd6 14. e4 exf4 15. exf5 g5 16. Ng6 Bxg6 17. fxg6 fxg3 18. hxg3 Qe5 19. Rf3 Nd4 20. Re3 Qf5 21. Bd2 Ng4 22. Re4 Nf2 23. Qf1 Nxe4 24. Bxe4 Qg4 25. Qe1 Nc2 26. Bd5+ Kh8 27. Be6 Qf3 28. Qe2 Qxe2 29. Nxe2 Nxa1 0-1

[Event "Pardubice Czech op-A 28th"]
[Site "Pardubice"]
[Date "2017.07.29"]
[Round "9"]
[White "Granovskiy, Alexandr"]
[Black "Kotyk, Vaclav"]
[Result "1-0"]
[WhiteElo "2282"]
[BlackElo "2157"]
[PlyCount "79"]
[EventDate "2017.07.21"]
[EventType "swiss"]
[EventRounds "9"]
[EventCountry "CZE"]
[SourceTitle "CBM 179 Extra"]
[Source "ChessBase"]
[SourceDate "2017.08.23"]
[SourceVersion "1"]
[SourceVersionDate "2017.08.23"]
[SourceQuality "1"]

1. e4 e5 2. Nf3 Nc6 3. Bc4 Bc5 4. c3 Nf6 5. d3 0-0 6. 0-0 d6 7. a4 a6 8. Re1 h6 9. Nbd2 Ba7 10. a5 Ne7 11. Nf1 Ng6 12. Be3 Bxe3 13. Nxe3 Nf4 14. h3 g6 15. Kh2 h5 16. Rh1 Kg7 17. Qc2 Rh8 18. d4 exd4 19. cxd4 Qe7 20. Rhe1 c5 21. e5 Ng4+ 22. Kg1 cxd4 23. exd6 Qxd6 24. Rad1 Qc5 25. Rxd4 Nxe3 26. Qc3 f6 27. Rxe3 Qc7 28. Qe1 Kh6 29. Re7 Qb8 30. Qd2 g5 31. h4 Bf5 32. hxg5+ fxg5 33. Rd6+ Bg6 34. Nxg5 Kxg5 35. Re5+ Bf5 36. g3 Qxd6 37. gxf4+ Kh4 38. Qxd6 Rhf8 39. Re3 Rae8 40. Kh2 1-0

[Event "Pardubice Czech op-A 28th"]
[Site "Pardubice"]
[Date "2017.07.27"]
[Round "7"]
[White "Nyysti, Sampsa"]
[Black "Kotyk, Vaclav"]
[Result "1/2-1/2"]
[WhiteElo "2344"]
[BlackElo "2157"]
[PlyCount "89"]
[EventDate "2017.07.21"]
[EventType "swiss"]
[EventRounds "9"]
[EventCountry "CZE"]
[SourceTitle "CBM 179 Extra"]
[Source "ChessBase"]
[SourceDate "2017.08.23"]
[SourceVersion "1"]
[SourceVersionDate "2017.08.23"]
[SourceQuality "1"]

1. e4 e5 2. Nf3 Nc6 3. Bc4 Bc5 4. c3 Nf6 5. d3 0-0 6. Bg5 h6 7. Bh4 Be7 8. Nbd2 d6 9. Bb3 Nh7 10. Bg3 Ng5 11. Qe2 Be6 12. Nh4 Bxb3 13. axb3 Ne6 14. Nf5 Bg5 15. h4 Bf4 16. Bxf4 Nxf4 17. Qf3 Ne7 18. g3 Ne6 19. Qg4 Nxf5 20. exf5 Nc5 21. b4 Nxd3+ 22. Ke2 e4 23. Nxe4 Ne5 24. Qf4 Nd7 25. Rhe1 Nf6 26. Kf3 a6 27. Rad1 Re8 28. Kg2 Rb8 29. Nd2 Qd7 30. Qf3 d5 31. Rxe8+ Rxe8 32. Nc4 Qa4 33. Ne3 Rxe3 34. fxe3 Qc2+ 35. Kg1 h5 36. Rxd5 Nxd5 37. Qxd5 Qc1+ 38. Kf2 Qxb2+ 39. Kf3 Qxc3 40. Qxb7 Qd3 41. Qxc7 Qxf5+ 42. Ke2 Qb5+ 43. Kf2 Qxb4 44. Qc8+ Qf8 45. Qxa6 1/2-1/2

[Event "Pardubice Czech op-A 28th"]
[Site "Pardubice"]
[Date "2017.07.21"]
[Round "1"]
[White "Raja, Harshit"]
[Black "Kotyk, Vaclav"]
[Result "1-0"]
[WhiteElo "2377"]
[BlackElo "2157"]
[PlyCount "69"]
[EventDate "2017.07.21"]
[EventType "swiss"]
[EventRounds "9"]
[EventCountry "CZE"]
[SourceTitle "CBM 179 Extra"]
[Source "ChessBase"]
[SourceDate "2017.08.23"]
[SourceVersion "1"]
[SourceVersionDate "2017.08.23"]
[SourceQuality "1"]

1. e4 e5 2. Nf3 Nc6 3. Bb5 Nf6 4. d3 d6 5. c3 a6 6. Ba4 Be7 7. 0-0 0-0 8. Nbd2 Re8 9. Re1 Bf8 10. Nf1 g6 11. Bg5 h6 12. Bd2 b5 13. Bc2 d5 14. h3 d4 15. cxd4 Nxd4 16. Nxd4 Qxd4 17. Qc1 Kh7 18. Bb3 Qd7 19. Re3 c5 20. Rf3 Qe7 21. Be3 c4 22. dxc4 Be6 23. Nd2 bxc4 24. Bxc4 Rac8 25. b3 Bxc4 26. bxc4 Qe6 27. Rb1 Nxe4 28. Nxe4 f5 29. Rb7+ Re7 30. Rb6 Rc6 31. Rxc6 Qxc6 32. Bc5 Qxe4 33. Bxe7 Bxe7 34. c5 Bg5 35. Qd1 1-0

[Event "CZE-chT2A 1617"]
[Site "Czech Republic"]
[Date "2016.10.30"]
[Round "2.2"]
[White "Kriz, Lubos"]
[Black "Kotyk, Vaclav"]
[Result "0-1"]
[WhiteElo "2104"]
[BlackElo "2163"]
[PlyCount "56"]
[EventDate "2016.10.09"]
[EventType "team-tourn"]
[EventRounds "11"]
[EventCountry "CZE"]
[SourceTitle "EXT 2022"]
[Source "ChessBase"]
[SourceDate "2021.10.06"]
[SourceVersion "1"]
[SourceVersionDate "2021.10.06"]
[SourceQuality "1"]
[WhiteTeam "Domazlice"]
[BlackTeam "Kladno"]
[WhiteTeamCountry "CZE"]
[BlackTeamCountry "CZE"]

1. Nf3 c5 2. c4 Nf6 3. b3 g6 4. Bb2 Bg7 5. e4 Nc6 6. Be2 0-0 7. d3 e6 8. 0-0 d5 9. exd5 exd5 10. Qd2 Re8 11. Bd1 Be6 12. Na3 Qd7 13. Nc2 Rad8 14. Qc1 Bf5 15. Nfe1 Ne5 16. Bxe5 Rxe5 17. d4 Ree8 18. dxc5 d4 19. Qa3 d3 20. Ne3 Ne4 21. Nd5 Nd2 22. Rc1 Nxf1 23. Nf3 Nd2 24. Nxd2 Re1+ 25. Nf1 d2 26. Bc2 dxc1Q 27. Qxc1 Rxc1 28. Bxf5 gxf5 0-1

[Event "Pardubice Czech op-B 27th"]
[Site "Pardubice"]
[Date "2016.07.30"]
[Round "9"]
[White "Kotyk, Vaclav"]
[Black "Subelj, Jan"]
[Result "0-1"]
[WhiteElo "2167"]
[BlackElo "2042"]
[PlyCount "102"]
[EventDate "2016.07.22"]
[EventType "swiss"]
[EventRounds "9"]
[EventCountry "CZE"]
[SourceTitle "CBM 173 Extra"]
[Source "ChessBase"]
[SourceDate "2016.08.29"]
[SourceVersion "1"]
[SourceVersionDate "2016.08.29"]
[SourceQuality "1"]

1. d4 Nf6 2. c4 e6 3. Nc3 d5 4. cxd5 exd5 5. Bg5 Nbd7 6. e3 Be7 7. Bd3 c6 8. Qc2 Nf8 9. Nge2 Ne6 10. Bh4 g6 11. 0-0 0-0 12. Rad1 b6 13. e4 dxe4 14. Nxe4 Bb7 15. Rfe1 Nd5 16. Bxe7 Qxe7 17. a3 Rfd8 18. N4c3 Qf6 19. Be4 Ne7 20. Qd2 Rd7 21. Qe3 Rad8 22. Bc2 Nd5 23. Nxd5 Rxd5 24. Bb3 R5d6 25. Qe5 Kg7 26. Nc3 Rxd4 27. Rxd4 Qxe5 28. Rxe5 Nxd4 29. Re7 Nxb3 30. Rxb7 Rd2 31. g4 Nc5 32. Rxa7 Rxb2 33. Na4 Rb1+ 34. Kg2 Ne6 35. Nc3 Rb3 36. Ne2 c5 37. f4 c4 38. f5 Nc5 39. Rc7 gxf5 40. gxf5 Rxa3 41. Rc6 Ra2 42. Kf3 Nd7 43. Rd6 Ne5+ 44. Ke3 Ng4+ 45. Kf3 Nxh2+ 46. Ke3 Ng4+ 47. Kf3 Ne5+ 48. Ke3 c3 49. Rd5 Nc4+ 50. Kd3 Rxe2 51. Kxc4 c2 0-1

[Event "CZE-chT rap"]
[Site "Pardubice"]
[Date "2016.07.15"]
[Round "3.1"]
[White "Simacek, Pavel"]
[Black "Kotyk, Vaclav"]
[Result "1-0"]
[WhiteElo "2470"]
[BlackElo "2167"]
[PlyCount "89"]
[EventDate "2016.07.14"]
[EventType "team-swiss"]
[EventRounds "7"]
[EventCountry "CZE"]
[SourceTitle "EXT 2017"]
[Source "ChessBase"]
[SourceDate "2016.10.25"]
[SourceVersion "1"]
[SourceVersionDate "2016.10.25"]
[SourceQuality "1"]
[WhiteTeam "Turnov Zikuda"]
[BlackTeam "Kladno"]
[WhiteTeamCountry "CZE"]
[BlackTeamCountry "CZE"]

1. e4 e5 2. Nf3 Nc6 3. Bb5 a6 4. Ba4 Nf6 5. 0-0 b5 6. Bb3 Bc5 7. d3 d6 8. c3 0-0 9. h3 h6 10. a4 b4 11. a5 Qe7 12. d4 Ba7 13. Re1 bxc3 14. bxc3 Nb8 15. Nbd2 Be6 16. Bc2 Bd7 17. Nc4 Rd8 18. Ba3 Qe8 19. dxe5 dxe5 20. Ncxe5 Bxh3 21. Qb1 Ng4 22. Nxg4 Bxg4 23. Nd4 Nc6 24. Ba4 Bd7 25. Bxc6 Bxc6 26. Qd3 Bd7 27. Qg3 c5 28. Nf5 Bxf5 29. exf5 Qc6 30. c4 Qf6 31. Qe5 Qxe5 32. Rxe5 Bb8 33. Rxc5 Bd6 34. Rd5 Bxa3 35. Rxa3 Rdc8 36. Rc3 Rab8 37. Rd6 Rc5 38. f6 Rb1+ 39. Kh2 Ra1 40. Rxa6 Raxa5 41. Rxa5 Rxa5 42. c5 gxf6 43. c6 Ra8 44. c7 Rc8 45. Kg3 1-0

[Event "CZE-chT2A 1516"]
[Site "Czech Republic"]
[Date "2016.03.13"]
[Round "9.3"]
[White "Korsa, Jindrich"]
[Black "Kotyk, Vaclav"]
[Result "1/2-1/2"]
[WhiteElo "2106"]
[BlackElo "2170"]
[PlyCount "20"]
[EventDate "2015.10.18"]
[EventType "team-tourn"]
[EventRounds "11"]
[EventCountry "CZE"]
[SourceTitle "EXT 2022"]
[Source "ChessBase"]
[SourceDate "2021.10.06"]
[SourceVersion "1"]
[SourceVersionDate "2021.10.06"]
[SourceQuality "1"]
[WhiteTeam "Podborany"]
[BlackTeam "Kladno"]
[WhiteTeamCountry "CZE"]
[BlackTeamCountry "CZE"]

1. e4 c6 2. Nc3 d5 3. Nf3 Bg4 4. h3 Bxf3 5. Qxf3 dxe4 6. Nxe4 Nd7 7. d4 Ngf6 8. Bd3 e6 9. 0-0 Nxe4 10. Bxe4 Nf6 1/2-1/2

[Event "CZE-chT2A 1516"]
[Site "Czech Republic"]
[Date "2015.12.06"]
[Round "4.4"]
[White "Contos, Vaclav"]
[Black "Kotyk, Vaclav"]
[Result "1/2-1/2"]
[WhiteElo "2079"]
[BlackElo "2170"]
[PlyCount "67"]
[EventDate "2015.10.18"]
[EventType "team-tourn"]
[EventRounds "11"]
[EventCountry "CZE"]
[SourceTitle "EXT 2022"]
[Source "ChessBase"]
[SourceDate "2021.10.06"]
[SourceVersion "1"]
[SourceVersionDate "2021.10.06"]
[SourceQuality "1"]
[WhiteTeam "Karlovy Vary Tietz"]
[BlackTeam "Kladno"]
[WhiteTeamCountry "CZE"]
[BlackTeamCountry "CZE"]

1. e4 e5 2. Nf3 Nc6 3. d4 exd4 4. Nxd4 Nf6 5. Nc3 Bb4 6. Nxc6 bxc6 7. Bd3 0-0 8. 0-0 d5 9. exd5 cxd5 10. Bg5 c6 11. Qf3 Be7 12. h3 h6 13. Bf4 Bd6 14. Ne2 Rb8 15. b3 Re8 16. Ng3 Qc7 17. Bxd6 Qxd6 18. Rae1 Bd7 19. Nf5 Bxf5 20. Bxf5 g6 21. Bd3 Kg7 22. Re3 Re6 23. Rxe6 Qxe6 24. Qf4 Re8 25. Qd4 Re7 26. c4 Qe5 27. Qc5 dxc4 28. Qxe5 Rxe5 29. Bxc4 Nd5 30. a4 Nb6 31. Bd3 Rc5 32. Rd1 a5 33. Be4 Rc3 34. Rb1 1/2-1/2

[Event "CZE-ch U18/20 sf"]
[Site "Doksy"]
[Date "2015.11.25"]
[Round "9"]
[White "Szucs, Matyas"]
[Black "Kotyk, Vaclav"]
[Result "1/2-1/2"]
[WhiteElo "2064"]
[BlackElo "2198"]
[PlyCount "26"]
[EventDate "2015.11.14"]
[EventType "swiss"]
[EventRounds "9"]
[EventCountry "CZE"]
[SourceTitle "EXT 2022"]
[Source "ChessBase"]
[SourceDate "2021.10.06"]
[SourceVersion "1"]
[SourceVersionDate "2021.10.06"]
[SourceQuality "1"]

1. e4 e5 2. Nf3 Nc6 3. Bc4 Bc5 4. c3 Nf6 5. d3 d6 6. b4 Bb6 7. a4 a6 8. Nbd2 0-0 9. 0-0 Ne7 10. Re1 Ng6 11. Nf1 h6 12. Ng3 Re8 13. Qb3 Be6 1/2-1/2

[Event "CZE-chT2A 1516"]
[Site "Czech Republic"]
[Date "2015.10.18"]
[Round "1.4"]
[White "Kotyk, Vaclav"]
[Black "Folk, Petr"]
[Result "1-0"]
[WhiteElo "2170"]
[BlackElo "2214"]
[PlyCount "77"]
[EventDate "2015.10.18"]
[EventType "team-tourn"]
[EventRounds "11"]
[EventCountry "CZE"]
[SourceTitle "EXT 2022"]
[Source "ChessBase"]
[SourceDate "2021.10.06"]
[SourceVersion "1"]
[SourceVersionDate "2021.10.06"]
[SourceQuality "1"]
[WhiteTeam "Kladno"]
[BlackTeam "Kozolupy"]
[WhiteTeamCountry "CZE"]
[BlackTeamCountry "CZE"]

1. d4 d5 2. c4 e6 3. Nc3 c6 4. Nf3 Nf6 5. g3 dxc4 6. Bg2 b5 7. Ne5 a6 8. 0-0 Bb7 9. b3 cxb3 10. axb3 Bb4 11. Bb2 Qb6 12. Nd3 Be7 13. Qc2 Nbd7 14. Rfc1 0-0 15. Ne4 Nxe4 16. Bxe4 Nf6 17. Bg2 Nd7 18. Be4 h6 19. e3 Rfc8 20. Qd1 c5 21. dxc5 Nxc5 22. Qg4 Bf8 23. Nxc5 f5 24. Qg6 Rxc5 25. Rxc5 Bxe4 26. Rac1 Rd8 27. Rc8 Qd6 28. Rxd8 Qxd8 29. Qxe6+ Kh7 30. Bd4 Qa5 31. f3 Qd2 32. Rf1 Bd3 33. Rf2 Qe1+ 34. Kg2 Qb4 35. Qxa6 Qxb3 36. Qc8 Qb4 37. Qd7 Qc4 38. Qd8 Bc5 39. Bxc5 1-0

[Event "Ricany op"]
[Site "Ricany"]
[Date "2015.08.26"]
[Round "6"]
[White "Kotyk, Vaclav"]
[Black "Tejkal, Jiri"]
[Result "1-0"]
[WhiteElo "2160"]
[BlackElo "1909"]
[PlyCount "85"]
[EventDate "2015.08.22"]
[EventType "swiss"]
[EventRounds "9"]
[EventCountry "CZE"]
[SourceTitle "EXT 2023"]
[Source "ChessBase"]
[SourceDate "2022.10.05"]
[SourceVersion "1"]
[SourceVersionDate "2022.10.05"]
[SourceQuality "1"]

1. d4 d5 2. c4 c6 3. Nf3 Nf6 4. Nc3 a6 5. g3 b5 6. c5 g6 7. Bg2 Bg7 8. 0-0 0-0 9. Bf4 Nbd7 10. Ne5 Bb7 11. Bf3 e6 12. Qd2 Re8 13. b4 Nxe5 14. Bxe5 Nd7 15. Bxg7 Kxg7 16. e3 f5 17. a4 Qe7 18. Be2 e5 19. axb5 axb5 20. Nxb5 Nf6 21. Nd6 Reb8 22. b5 Ne4 23. Nxe4 fxe4 24. b6 Qf6 25. Rfb1 Rxa1 26. Rxa1 Rf8 27. Bf1 Rf7 28. dxe5 Qf5 29. Ba6 Kh6 30. f4 g5 31. Bxb7 Rxb7 32. Kh1 Qh3 33. Qg2 Qg4 34. h3 Qe6 35. Rf1 Qe7 36. Qc2 gxf4 37. gxf4 Qh4 38. Qf2 Qh5 39. Rg1 Rg7 40. Rxg7 Kxg7 41. Qg2+ Kf8 42. Qg4 Qf7 43. Qc8+ 1-0

[Event "Ricany op"]
[Site "Ricany"]
[Date "2015.08.25"]
[Round "5"]
[White "Zizka, Petr"]
[Black "Kotyk, Vaclav"]
[Result "1/2-1/2"]
[WhiteElo "1886"]
[BlackElo "2160"]
[PlyCount "103"]
[EventDate "2015.08.22"]
[EventType "swiss"]
[EventRounds "9"]
[EventCountry "CZE"]
[SourceTitle "EXT 2023"]
[Source "ChessBase"]
[SourceDate "2022.10.05"]
[SourceVersion "1"]
[SourceVersionDate "2022.10.05"]
[SourceQuality "1"]

1. b3 d5 2. Bb2 Nf6 3. e3 e6 4. f4 Bd6 5. Nf3 0-0 6. c4 c5 7. Nc3 Nc6 8. cxd5 exd5 9. Bb5 d4 10. Ne2 dxe3 11. dxe3 Ng4 12. Bxc6 bxc6 13. Qd3 c4 14. Qc3 f6 15. h3 Qe7 16. Qxc4+ Be6 17. Qe4 f5 18. Qd4 Rfd8 19. Qxg7+ Qxg7 20. Bxg7 Nxe3 21. Kf2 Kxg7 22. Kxe3 Bc5+ 23. Ned4 Bd5 24. Ke2 Re8+ 25. Kd3 Rad8 26. Kc3 Re3+ 27. Kb2 Kf6 28. Rac1 Bxd4+ 29. Nxd4 Bxg2 30. Rh2 Rxd4 31. Rxg2 Rxf4 32. Rxc6+ Re6 33. Rc7 Rh4 34. Rxa7 Rxh3 35. Rb7 f4 36. Rf2 f3 37. Kc3 Rd6 38. Rb5 Ke6 39. a4 Rd5 40. Rxd5 Kxd5 41. Kd3 Kc5 42. Ke3 Kb4 43. Rxf3 Rh6 44. Kf4 Re6 45. Kg5 Re8 46. Rf6 Re5+ 47. Kf4 Re1 48. Rb6+ Ka5 49. Rb5+ Ka6 50. Re5 Rb1 51. Re3 Ka5 52. Ke4 1/2-1/2

[Event "Pardubice Czech op-A 26th"]
[Site "Pardubice"]
[Date "2015.07.31"]
[Round "8"]
[White "Kotyk, Vaclav"]
[Black "Mann, Johannes"]
[Result "1/2-1/2"]
[WhiteElo "2147"]
[BlackElo "2295"]
[PlyCount "68"]
[EventDate "2015.07.24"]
[EventType "swiss"]
[EventRounds "9"]
[EventCountry "CZE"]
[SourceTitle "CBM 167 Extra"]
[Source "ChessBase"]
[SourceDate "2015.09.14"]
[SourceVersion "1"]
[SourceVersionDate "2015.09.14"]
[SourceQuality "1"]

1. d4 Nf6 2. c4 e6 3. Nf3 b6 4. g3 Bb7 5. Bg2 Bb4+ 6. Bd2 Bxd2+ 7. Nbxd2 c5 8. Nb3 Qe7 9. 0-0 0-0 10. dxc5 bxc5 11. Na5 Be4 12. Qd2 Nc6 13. Rfd1 Rab8 14. Nxc6 Bxc6 15. b3 Rfd8 16. Qd6 Qxd6 17. Rxd6 Ne4 18. Rd3 f6 19. Rad1 Rbc8 20. Nd2 Nxd2 21. R1xd2 Bxg2 22. Kxg2 Rc7 23. Rd6 Kf7 24. e4 Ke7 25. Kf3 Rb8 26. Ke3 Rb4 27. f4 a5 28. R6d3 a4 29. a3 Rxb3 30. Rxb3 axb3 31. Rb2 Rb7 32. Kd3 d5 33. exd5 exd5 34. cxd5 Kd6 1/2-1/2

[Event "Pardubice op rap 26th"]
[Site "Pardubice"]
[Date "2015.07.23"]
[Round "4"]
[White "Kotyk, Vaclav"]
[Black "Uhmann, Jan"]
[Result "1-0"]
[WhiteElo "2147"]
[BlackElo "2019"]
[PlyCount "45"]
[EventDate "2015.07.22"]
[EventType "swiss (rapid)"]
[EventRounds "9"]
[EventCountry "CZE"]
[SourceTitle "CBM 167 Extra"]
[Source "ChessBase"]
[SourceDate "2015.09.14"]
[SourceVersion "1"]
[SourceVersionDate "2015.09.14"]
[SourceQuality "1"]

1. d4 d5 2. c4 e6 3. Nc3 Nf6 4. Nf3 Be7 5. Bf4 Nbd7 6. c5 0-0 7. e3 c6 8. Bd3 b6 9. b4 Bb7 10. 0-0 Nh5 11. Qe2 Nxf4 12. exf4 g6 13. g3 Bf6 14. Ne5 b5 15. a4 a6 16. Kg2 Bg7 17. h4 f6 18. Nxc6 Qe8 19. Na5 Bc8 20. axb5 axb5 21. Nxb5 Qf7 22. Nd6 Qe7 23. Nc6 1-0